000 01010nam a2200277Ia 4500
005 20240530110935.0
008 140319s2008 xx 000 0 ara d
020 _a9772325861
040 _aGCL /
_cGCL
082 0 4 _a362.7 /
_bس م
100 1 _aسناء محمد سليمان
245 1 0 _aمشكلة العنف والعدوان لدى الاطفال والشباب بين الخير والشر والصواب والخطا /
_cاعداد سناء محمد سليمان
250 _aالاولى
260 _aالقاهرة :
_bعالم الكتب،
_c2008
300 _a256 ص ؛
_c20 سم
490 _aسلسلة ثقافة سيكلولوجية للجميع
_v( 15 )
650 0 4 _aالعنف
650 0 4 _aالاطفال
650 0 4 _aالشباب
650 0 4 _aعلم النفس الاجتماعى
650 0 4 _aالعدوانية
650 0 4 _aمنع العنف
650 0 4 _aالعنف فى المدارس
942 _2ddc
_cBK
999 _c66719
_d66719